000 00747nam a2200229Ia 4500
003 GCL
008 140319s9999 xx 000 0 ara d
040 _aGCL /
_cGCL
082 0 4 _a546
_bد ك
100 1 _aديورانت، ول
245 1 0 _aالكيمياء العامة وغير العضوية /
_cديورانت، ول
700 1 _aسامى كيريس طوبيا (مترجم)
700 1 _aعزت محمد خيرى (مترجم)
700 1 _aرشاد رزق(مراجع)
260 _a[S.N] :
_bالمركزالقومى للاعلام والتوثيق ،
_c1962
300 _a950 ص
490 _a
650 0 4 _aالفلزات
650 0 4 _aالكيمياء غير العضوية
650 0 4 _aالقلويات
942 _2ddc
_cBK
999 _c27649
_d27649